Business statistics: a first course
Αποθηκεύτηκε σε:
| Κύριος συγγραφέας: | |
|---|---|
| Άλλοι συγγραφείς: | |
| Μορφή: | Βιβλίο |
| Γλώσσα: | English |
| Δημοσίευση: |
Englewood Cliffs, N.J. :
Prentice-Hall,
[1974]
|
| Θέματα: | |
| Ετικέτες: |
Προσθήκη ετικέτας
Δεν υπάρχουν, Καταχωρήστε ετικέτα πρώτοι!
|
MARC
| LEADER | 00000cam a2200000 i 4500 | ||
|---|---|---|---|
| 001 | 1/31569 | ||
| 008 | 950808s1974 eng d | ||
| 020 | |a 0131077147 | ||
| 035 | |l 10023602 | ||
| 040 | |a GR-MY-UA |b gre |e aacr | ||
| 041 | 0 | |a eng | |
| 082 | 0 | |a 519.5 | |
| 100 | 1 | |a Freund, John E. | |
| 245 | 1 | 0 | |a Business statistics: a first course / |c [by] John E. Freund [and] Benjamin M. Perles |
| 260 | |a Englewood Cliffs, N.J. : |b Prentice-Hall, |c [1974] | ||
| 300 | |a viii, 359 p; |b illus; |c 23 cm | ||
| 504 | |a Bibliography: p. 321-322 | ||
| 650 | 0 | 0 | |a Statistics. |
| 700 | 1 | |a Perles, Benjamin M. |d 1922- | |
| 852 | |a INST |b CHIOS |e 19950808 |h 519.5 FRE |p 005200001345 |q 005200001345 |t BK |y 0 | ||
| 909 | |a Χ |b 013239 | ||